[Event "Bayern-ch Seniors op 27th"]
[Site "Bergen"]
[Date "2015.06.15"]
[Round "6"]
[White "Knollmueller, Peter"]
[Black "Perzl, Michael"]
[Result "1-0"]
[WhiteElo "1838"]
[BlackElo "1713"]
[PlyCount "69"]
[EventDate "2015.06.15"]
[EventType "swiss"]
[EventRounds "9"]
[EventCountry "GER"]
[SourceTitle "EXT 2019"]
[Source "ChessBase"]
[SourceDate "2018.10.10"]
[SourceVersion "1"]
[SourceVersionDate "2018.10.10"]
[SourceQuality "1"]

1. d4 d5 2. Nf3 Nf6 3. c4 e6 4. Bg5 Be7 5. e3 0-0 6. Nc3 a6 7. a3 dxc4 8. Bxc4 b5 9. Bd3 Bb7 10. Bxf6 Bxf6 11. Ne4 Nd7 12. Rc1 Rc8 13. b4 Be7 14. Qc2 g6 15. h4 h6 16. g4 f5 17. gxf5 exf5 18. Ned2 Nf6 19. Rg1 Ng4 20. h5 Qd6 21. hxg6 Qe6 22. Ke2 Kg7 23. Qb2 Rf6 24. Nh4 Be4 25. Rxg4 Bxd3+ 26. Kxd3 fxg4 27. Ne4 Rff8 28. d5+ Bf6 29. dxe6 Bxb2 30. Rc6 Bf6 31. Ng2 Be5 32. e7 Rfe8 33. Re6 Bb2 34. Nf4 Bxa3 35. Nh5+ 1-0

[Event "Bayern-ch Seniors 25th"]
[Site "Bergen"]
[Date "2013.06.21"]
[Round "8.25"]
[White "Perzl, Michael"]
[Black "Friedrich, Horst"]
[Result "1-0"]
[WhiteElo "1711"]
[BlackElo "1569"]
[PlyCount "69"]
[EventDate "2013.06.15"]
[EventType "swiss"]
[EventRounds "9"]
[EventCountry "GER"]
[SourceTitle "EXT 2022"]
[Source "ChessBase"]
[SourceDate "2021.10.06"]
[SourceVersion "1"]
[SourceVersionDate "2021.10.06"]
[SourceQuality "1"]

1. d4 f5 2. c4 e6 3. Nc3 Nf6 4. Nf3 d5 5. Qb3 c6 6. Bg5 h6 7. Bf4 Nbd7 8. h3 g5 9. Bd2 Bd6 10. g3 e5 11. dxe5 Nxe5 12. cxd5 Nxf3+ 13. exf3 Qe7+ 14. Be2 cxd5 15. 0-0 Be6 16. Bb5+ Kf7 17. Rfe1 a6 18. Bd3 Qc7 19. Ne2 b5 20. Rac1 Qb7 21. Nd4 Rhe8 22. Nxf5 Bxf5 23. Bxf5 Kg7 24. Bc3 Rad8 25. Bd4 Qf7 26. Kg2 h5 27. Qd3 Kh6 28. h4 Nd7 29. hxg5+ Kxg5 30. f4+ Kh6 31. Rh1 Rg8 32. Rxh5+ Qxh5 33. Rh1 Bxf4 34. Rxh5+ Kxh5 35. Qf3+ 1-0

[Event "Bayern-ch Seniors 24nd"]
[Site "Bergen"]
[Date "2012.06.19"]
[Round "4"]
[White "Perzl, Michael"]
[Black "Welz, Peter"]
[Result "0-1"]
[WhiteElo "1728"]
[BlackElo "2029"]
[PlyCount "54"]
[EventDate "2012.06.16"]
[EventType "swiss"]
[EventRounds "9"]
[EventCountry "GER"]
[SourceTitle "EXT 2015"]
[Source "ChessBase"]
[SourceDate "2014.11.20"]
[SourceVersion "1"]
[SourceVersionDate "2014.11.20"]
[SourceQuality "1"]

1. d4 f5 2. g3 Nf6 3. Nf3 g6 4. Nbd2 Bg7 5. c4 0-0 6. Ne5 d6 7. Nd3 Nc6 8. Nf3 Ne4 9. e3 e5 10. d5 Ne7 11. Nd2 Nxd2 12. Qxd2 g5 13. f4 Ng6 14. Be2 Bd7 15. 0-0 Qe7 16. Qc2 Rae8 17. Rf2 gxf4 18. gxf4 exf4 19. Nxf4 Nxf4 20. Rxf4 Bh6 21. Rf3 f4 22. Rf2 Bh3 23. exf4 Qg7+ 24. Kh1 Qd4 25. Rf3 Bf5 26. Bd3 Re1+ 27. Kg2 Rg1# 0-1

[Event "Regionalliga SO 0203"]
[Site "Bayern"]
[Date "2003.03.30"]
[Round "9.6"]
[White "Schwenck, Mathias"]
[Black "Perzl, Michael"]
[Result "1/2-1/2"]
[WhiteElo "1929"]
[BlackElo "1798"]
[PlyCount "36"]
[EventDate "2002.10.20"]
[EventType "team"]
[EventRounds "9"]
[EventCountry "GER"]
[SourceTitle "EXT 2004"]
[Source "ChessBase"]
[SourceDate "2003.11.25"]
[SourceVersion "1"]
[SourceVersionDate "2003.11.25"]
[SourceQuality "1"]
[WhiteTeam "Freising"]
[BlackTeam "Trostberg"]
[WhiteTeamCountry "GER"]
[BlackTeamCountry "GER"]

1. d4 d5 2. c4 e6 3. Nf3 Nf6 4. Nc3 Be7 5. Bg5 0-0 6. e3 b6 7. cxd5 Nxd5 8. Bxe7 Nxe7 9. Bd3 Bb7 10. 0-0 Nd7 11. Qe2 c5 12. Rfd1 cxd4 13. Nxd4 Nd5 14. Nxd5 Bxd5 15. Rac1 Rc8 16. Bc4 Bxc4 17. Rxc4 Rxc4 18. Qxc4 Nf6 1/2-1/2

[Event "Regionalliga SO 0203"]
[Site "Bayern"]
[Date "2003.03.09"]
[Round "8.8"]
[White "Perzl, Michael"]
[Black "Kuehlwein, Ralf"]
[Result "1-0"]
[WhiteElo "1798"]
[BlackElo "1501"]
[PlyCount "89"]
[EventDate "2002.10.20"]
[EventType "team"]
[EventRounds "9"]
[EventCountry "GER"]
[SourceTitle "EXT 2004"]
[Source "ChessBase"]
[SourceDate "2003.11.25"]
[SourceVersion "1"]
[SourceVersionDate "2003.11.25"]
[SourceQuality "1"]
[WhiteTeam "Trostberg"]
[BlackTeam "Freyung"]
[WhiteTeamCountry "GER"]
[BlackTeamCountry "GER"]

1. d4 Nf6 2. Nf3 g6 3. c4 Bg7 4. Nc3 d5 5. e3 0-0 6. b3 b6 7. cxd5 Nxd5 8. Bb2 Bb7 9. Be2 e6 10. Rc1 Nd7 11. 0-0 Rc8 12. Bc4 c5 13. Nxd5 exd5 14. Bd3 Re8 15. Qe2 Qf6 16. Rc2 Qd6 17. Rfc1 cxd4 18. Bxd4 Rxc2 19. Rxc2 Bxd4 20. Nxd4 Qe5 21. Bb5 Re7 22. Qd1 Nc5 23. h3 Qd6 24. Be2 Ba6 25. Bf3 Ne4 26. Qc1 Rd7 27. Rc6 Qe5 28. Rc2 Bb7 29. b4 a6 30. Be2 b5 31. Nb3 Nd6 32. Nc5 Re7 33. Nxb7 Rxb7 34. Rc6 Ra7 35. Qc5 Qe7 36. Qxd6 Qxd6 37. Rxd6 Rc7 38. Rxa6 Rc2 39. Bf3 Rb2 40. a3 Rd2 41. Ra5 Rd3 42. Rxb5 Rxa3 43. Bxd5 Kg7 44. Rb7 Kh6 45. Rxf7 1-0

[Event "Regionalliga SO 0102"]
[Site "Bayern"]
[Date "2002.01.20"]
[Round "4.7"]
[White "Perzl, Michael"]
[Black "Mayr, Florian"]
[Result "0-1"]
[WhiteElo "1805"]
[BlackElo "1965"]
[PlyCount "72"]
[EventDate "2001.10.07"]
[EventType "team"]
[EventRounds "9"]
[EventCountry "GER"]
[SourceTitle "EXT 2003"]
[Source "ChessBase"]
[SourceDate "2002.11.25"]
[SourceVersion "1"]
[SourceVersionDate "2002.11.25"]
[SourceQuality "1"]
[WhiteTeam "Trostberg"]
[BlackTeam "Starnberg"]
[WhiteTeamCountry "GER"]
[BlackTeamCountry "GER"]

1. d4 c6 2. c4 d5 3. cxd5 cxd5 4. Nf3 Nc6 5. Nc3 Nf6 6. h3 e6 7. e3 a6 8. Bd3 Be7 9. 0-0 0-0 10. b3 b5 11. Bb2 Bb7 12. Rc1 Qa5 13. Qe2 Nb4 14. Bb1 Rad8 15. Rfd1 Qb6 16. Ne5 Nd7 17. Qh5 f5 18. Nd3 Nxd3 19. Rxd3 Bc6 20. Rd2 g6 21. Qd1 Bd6 22. Ne2 Nf6 23. f4 Bd7 24. Kh2 Rf7 25. Ng1 g5 26. g3 Rg7 27. Rg2 Qb8 28. Qd2 Nh5 29. Ne2 Kh8 30. Rcg1 Rdg8 31. Bc3 Qe8 32. Qe1 Qg6 33. Qf2 Qh6 34. Bd2 Nf6 35. Kh1 Ng4 36. fxg5 Qxh3+ 0-1

[Event "Regionalliga SO 0001"]
[Site "Bayern"]
[Date "2000.10.15"]
[Round "1.8"]
[White "Perzl, Michael"]
[Black "Scholl, Reinhard"]
[Result "1/2-1/2"]
[WhiteElo "1810"]
[BlackElo "1845"]
[PlyCount "38"]
[EventDate "2000.10.15"]
[EventType "team-tourn"]
[EventRounds "9"]
[EventCountry "GER"]
[SourceTitle "EXT 2020"]
[Source "ChessBase"]
[SourceDate "2019.10.17"]
[SourceVersion "1"]
[SourceVersionDate "2019.10.17"]
[SourceQuality "1"]
[WhiteTeam "Trostberg TSV"]
[BlackTeam "Landshut"]
[WhiteTeamCountry "GER"]
[BlackTeamCountry "GER"]

1. d4 d5 2. c4 e6 3. Nf3 c5 4. cxd5 exd5 5. g3 Nf6 6. Bg2 Nc6 7. 0-0 Be7 8. Be3 c4 9. Nc3 0-0 10. Bg5 Qa5 11. Ne5 Be6 12. Nxc6 bxc6 13. e4 h6 14. Bd2 dxe4 15. Nxe4 Qb6 16. Bc3 Bd5 17. Nxf6+ Bxf6 18. Bxd5 cxd5 19. Qf3 Rad8 1/2-1/2